|
|
|
|
| LEADER |
01863nam a2200445 i 4500 |
| 001 |
EBC1936567 |
| 003 |
MiAaPQ |
| 005 |
20200520144314.0 |
| 006 |
m o d | |
| 007 |
cr cnu|||||||| |
| 008 |
150321t20152015enka ob 001 0 eng d |
| 020 |
|
|
|z 9781107020962
|
| 020 |
|
|
|a 9781316249239
|q (electronic bk.)
|
| 035 |
|
|
|a (MiAaPQ)EBC1936567
|
| 035 |
|
|
|a (Au-PeEL)EBL1936567
|
| 035 |
|
|
|a (CaPaEBR)ebr11030533
|
| 035 |
|
|
|a (CaONFJC)MIL736407
|
| 035 |
|
|
|a (OCoLC)904046865
|
| 040 |
|
|
|a MiAaPQ
|b eng
|e rda
|e pn
|c MiAaPQ
|d MiAaPQ
|
| 050 |
|
4 |
|a HD69.C6
|b .S787 2015
|
| 082 |
0 |
|
|a 658.4/09
|2 23
|
| 100 |
1 |
|
|a Sturdy, Andrew,
|e author.
|
| 245 |
1 |
0 |
|a Management as consultancy :
|b neo-bureaucracy and the consultant manager /
|c Andrew Sturdy, Christopher Wright, Nick Wylie.
|
| 264 |
|
1 |
|a Cambridge, England :
|b Cambridge University Press,
|c 2015.
|
| 264 |
|
4 |
|c 2015
|
| 300 |
|
|
|a 1 online resource (254 pages) :
|b illustrations, tables
|
| 336 |
|
|
|a text
|2 rdacontent
|
| 337 |
|
|
|a computer
|2 rdamedia
|
| 338 |
|
|
|a online resource
|2 rdacarrier
|
| 504 |
|
|
|a Includes bibliographical references and index.
|
| 588 |
|
|
|a Description based on print version record.
|
| 590 |
|
|
|a Electronic reproduction. Ann Arbor, MI : ProQuest, 2015. Available via World Wide Web. Access may be limited to ProQuest affiliated libraries.
|
| 650 |
|
0 |
|a Business consultants.
|
| 650 |
|
0 |
|a Management.
|
| 655 |
|
4 |
|a Electronic books.
|
| 700 |
1 |
|
|a Wright, Christopher,
|e author.
|
| 700 |
1 |
|
|a Wylie, Nick,
|e author.
|
| 776 |
0 |
8 |
|i Print version:
|a Sturdy, Andrew.
|t Management as consultancy : neo-bureaucracy and the consultant manager.
|d Cambridge, England : Cambridge University Press, c2015
|h vii, 242 pages
|z 9781107020962
|w 2014047085
|
| 797 |
2 |
|
|a ProQuest (Firm)
|
| 856 |
4 |
0 |
|u https://ebookcentral.proquest.com/lib/matrademy/detail.action?docID=1936567
|z Click to View
|